| 000 | 02190cab a2200217 4500 | ||
|---|---|---|---|
| 001 | L129659 | ||
| 008 | 110922n2005 000 0 eng u | ||
| 035 | _a(Sirsi) u129659 | ||
| 041 | _aeng | ||
| 245 | _aDe Campomar and another v Trustees of the Pettiward Estate | ||
| 260 | _c2005 | ||
| 490 |
_aEstates Gazette _v[2005] 15 EG 124-126(3) |
||
| 520 | _a[2004] EWHC LT, 1 March 2005. Considers whether a Leasehold Valuation Tribunal (LVT) has the jurisdiction to dismiss a tenant's application for determination of disputed premiums and terms as an abuse of the LVT's process pursuant to its power under the Rent Assessment Committee (England and Wales) (Leasehold Valuation Tribunal) Regulations 1993 reg. 4B. Appeal by tenants (D) against the LVT's decision to strike out their application for the determination of the terms of new leases to be granted by the respondent landlord (P) under the Leasehold Reform, Housing and Urban Development Act 1993 s42. Both parties agreed the disputed premiums prior to the LVT hearing date and applied for an adjournment because other terms were still the subject of negotiation. The LVT vacated the hearing and threatened to dismiss the application if it did not hear from the parties by a certain date. "Held": appeal allowed. The LVT has the power to enforce its rules and suppress any abuses of its process by dismissing applications but this did not accord with the requirements of justice in this case. The LVT must give specific notice of its intention to exercise its striking-out power unless cause could be shown to the contrary and an opportunity has been given to show cause. | ||
| 590 | _aIKA190505 | ||
| 650 | _aDE CAMPOMAR AND ANOTHER V TRUSTEES OF THE PETTIWARD ESTATE | ||
| 650 | _aRENT ASSESSMENT COMMITTEE (ENGLAND AND WALES) (LEASEHOLD VALUATION TRIBUNAL) REGULATIONS 1993 REG 4B | ||
| 650 | _aLEASEHOLD REFORM, HOUSING AND URBAN DEVELOPMENT ACT 1993 S42 | ||
| 690 | _aPROPERTY-RESIDENTIAL PROPERTY-RESIDENTIAL LANDLORD AND TENANT-RESIDENTIAL LEASES-RESIDENTIAL LEASE RENEWAL | ||
| 856 |
_uhttps://www.bailii.org/ew/cases/EWLands/2005/LRA_29_2004.html _zView the decision free of charge at www.bailii.org |
||
| 942 | _n0 | ||
| 999 |
_c75197 _d75197 |
||